U.S. States with the Most Residents on Islands - Statistics

General Stats
  • This quiz has been taken 66 times
  • The average score is 8 of 10
Answer Stats
Population on Islands State % Correct
10,385,744 New York
97%
570,599 Florida
95%
1,465,368 Hawaii
95%
83,272 California
90%
200,176 Washington
90%
66,647 Texas
86%
263,127 Massachusetts
76%
165,347 South Carolina
73%
91,818 New Jersey
64%
67,419 Rhode Island
64%
No matching quizzes found
Score Distribution
Percent of People with Each Score
Percentile by Number Answered
Your Score History
You have not taken this quiz